Controversies in applied linguistcs

Uloženo v:
Podrobná bibliografie
Hlavní autor: Seidlhofer, Barbara, ed
Médium: Kniha
Jazyk:angličtina
Vydáno: Oxford. Oxford University Press. 2003.
Témata:
Tagy: Přidat tag
Žádné tagy, Buďte první, kdo vytvoří štítek k tomuto záznamu!

MARC

LEADER 00000nam a22000005a 4500
001 10208
003 CL-ChBUA
005 20120815103235.0
008 070301s2003 xxk 000 0 eng
020 |a 0194377440 
040 |a CL-ChBUA  |c CL-ChBUA 
082 0 0 |a 420 
090 |c 10208  |d 10208 
100 1 |a Seidlhofer, Barbara, ed. 
245 1 0 |a Controversies in applied linguistcs 
260 |b Oxford University Press.  |a Oxford.  |c 2003. 
300 |a 346 p.  |c 23 cm. 
504 |a Indice. 
650 4 |a INGLES - LINGUISTICA. 
942 |c LIB 
952 |0 0  |1 0  |4 0  |7 0  |9 14910  |a UNACH  |b UNACH  |c 400  |d 2007-03-05  |i 38.870.  |l 0  |o 420 / C 764.  |p 15909  |r 2014-08-19 00:00:00  |u 14910  |w 2012-08-08  |y LIB  |k 420 / C 764. 
999 |c 10208  |d 10208